[Event "Aut_chT1112"]
[Site "Jenbach"]
[Date "2012.03.04"]
[Round "7"]
[Board "3"]
[White "Rogic, Davor"]
[Black "Okhotnik, Vladimir"]
[Result "1-0"]
[WhiteElo "2571"]
[BlackElo "2489"]
[PlyCount "53"]
[EventDate "2012.01.20"]
[EventType "team"]
[EventRounds "11"]
[EventCountry "AUT"]
[WhiteTeam "ASVOE Signum Druck St. Veit/Glan"]
[BlackTeam "SV Raika Rapid Feffernitz"]

1. e4 e5 2. Nf3 Nf6 3. Nxe5 d6 4. Nf3 Nxe4 5. Nc3 Nf6 6. d4 Bg4 7. h3 Bh5 8. g4
Bg6 9. Bg2 Be7 10. Nh4 d5 11. Nxg6 hxg6 12. g5 Nh7 13. Nxd5 Bxg5 14. Qe2+ Kf8
15. Qb5 Bxc1 16. Rxc1 Nd7 17. Qb4+ c5 18. dxc5 a5 19. Qa3 Kg8 20. c6 Ng5 21.
cxd7 Qxd7 22. Ne7+ Kf8 23. Nxg6+ Kg8 24. Ne7+ Kf8 25. Nd5+ Kg8 26. Rd1 Re8+ 27.
Kd2 1-0

[Event "Aut_chT1112"]
[Site "Jenbach"]
[Date "2012.03.04"]
[Round "7"]
[Board "5"]
[White "Kaspret, Guido"]
[Black "Diermair, Andreas"]
[Result "1-0"]
[WhiteElo "2292"]
[BlackElo "2416"]
[PlyCount "85"]
[EventDate "2012.01.20"]
[EventType "team"]
[EventRounds "11"]
[EventCountry "AUT"]
[WhiteTeam "ASVOE Signum Druck St. Veit/Glan"]
[BlackTeam "SV Raika Rapid Feffernitz"]

1. c4 e6 2. Nf3 d5 3. g3 Nf6 4. Bg2 dxc4 5. Qa4+ Nbd7 6. Qxc4 c5 7. O-O b6 8.
b3 Bb7 9. Bb2 Bd6 10. d3 O-O 11. Nbd2 Rc8 12. Rac1 Re8 13. Rfd1 Qe7 14. Qh4 b5
15. e4 e5 16. Nf1 Nb8 17. Ne3 g6 18. Qg5 Nfd7 19. h4 f6 20. Qg4 Qg7 21. h5 Nf8
22. Nh4 Rcd8 23. hxg6 hxg6 24. f4 Nc6 25. f5 g5 26. Nf3 Nd4 27. Kf2 Re7 28. Rh1
Bc6 29. Nxd4 exd4 30. Nd5 Bxd5 31. exd5 Re3 32. Be4 Bxg3+ 33. Kf1 Bd6 34. b4 c4
35. Bxd4 Rg3 36. Qh5 cxd3 37. Rd1 d2 38. Rxd2 Bxb4 39. d6 Rxd6 40. Bc3 Rxc3 41.
Rxd6 Bxd6 42. Bd5+ Ne6 43. Qe8+ 1-0

[Event "Aut_chT1112"]
[Site "Jenbach"]
[Date "2012.03.04"]
[Round "7"]
[Board "6"]
[White "Schreiner, Peter"]
[Black "Hebesberger, Thomas"]
[Result "1-0"]
[WhiteElo "2377"]
[BlackElo "2329"]
[PlyCount "65"]
[EventDate "2012.01.20"]
[EventType "team"]
[EventRounds "11"]
[EventCountry "AUT"]
[WhiteTeam "SV Raika Rapid Feffernitz"]
[BlackTeam "ASVOE Signum Druck St. Veit/Glan"]

1. Nf3 g6 2. c4 Bg7 3. g3 c5 4. Bg2 Nc6 5. Nc3 e6 6. d3 Nge7 7. h4 h6 8. h5 g5
9. Nxg5 hxg5 10. Bxg5 f6 11. Bf4 Nf5 12. Be4 Nce7 13. g4 e5 14. Bd2 Nh6 15. g5
fxg5 16. Bxg5 Qa5 17. Bxe7 Kxe7 18. Qd2 Kf8 19. O-O-O d6 20. Rdg1 Be6 21. Rxg7
Kxg7 22. Qg5+ Kf8 23. Qf6+ Nf7 24. Qxe6 Re8 25. Qg4 Qd8 26. Rg1 Qf6 27. Nd5
Qh6+ 28. e3 Rd8 29. Bg6 Qg7 30. Rg3 e4 31. Qxe4 Qe5 32. Rf3 Rd7 33. Qg4 1-0

[Event "Aut_chT1112"]
[Site "Jenbach"]
[Date "2012.03.04"]
[Round "7"]
[Board "1"]
[White "Rozentalis, Eduardas"]
[Black "Fauland, Alexander"]
[Result "1-0"]
[WhiteElo "2601"]
[BlackElo "2452"]
[PlyCount "57"]
[EventDate "2012.01.20"]
[EventType "team"]
[EventRounds "11"]
[EventCountry "AUT"]
[WhiteTeam "SK Hohenems"]
[BlackTeam "ASVOE Poechlarn/Mauerbach"]

1. e4 c6 2. d4 d5 3. Nd2 dxe4 4. Nxe4 Bf5 5. Ng3 Bg6 6. Nh3 e6 7. Nf4 Qh4 8.
Bc4 Bd6 9. Nge2 Nd7 10. Be3 Ngf6 11. Qd2 Nb6 12. Bb3 a5 13. a3 Ne4 14. Nxg6
hxg6 15. Qd3 a4 16. Ba2 Qg4 17. c4 Qxg2 18. O-O-O Rxh2 19. Rxh2 Bxh2 20. d5 c5
21. dxe6 Nxf2 22. Bxf2 Qxf2 23. Qe4 Rb8 24. exf7+ Kxf7 25. Rd3 Qe1+ 26. Kc2 g5
27. Qf5+ Kg8 28. Qe6+ Kf8 29. Rh3 1-0

[Event "Aut_chT1112"]
[Site "Jenbach"]
[Date "2012.03.04"]
[Round "7"]
[Board "2"]
[White "Farago, Ivan"]
[Black "Bindrich, Falko"]
[Result "1/2-1/2"]
[WhiteElo "2500"]
[BlackElo "2542"]
[PlyCount "209"]
[EventDate "2012.01.20"]
[EventType "team"]
[EventRounds "11"]
[EventCountry "AUT"]
[WhiteTeam "ASVOE Poechlarn/Mauerbach"]
[BlackTeam "SK Hohenems"]

1. d4 d5 2. c4 c6 3. Nc3 dxc4 4. e3 b5 5. a4 b4 6. Ne4 Qd5 7. Nd2 c3 8. bxc3
bxc3 9. Nb1 Qa5 10. Qc2 e6 11. Ba3 Bxa3 12. Rxa3 Nf6 13. Qxc3 Qc7 14. Nf3 Nd5
15. Qc1 O-O 16. Bc4 Ba6 17. O-O c5 18. Bxd5 exd5 19. Re1 c4 20. Nc3 Bb7 21. e4
dxe4 22. Nxe4 Nd7 23. Rc3 Rac8 24. Nfd2 Bd5 25. Rg3 Qb6 26. a5 Qxa5 27. Nd6 c3
28. Nf1 Be6 29. d5 Qxd5 30. Nxc8 Rxc8 31. Rxc3 Rf8 32. Rc8 h6 33. Rxf8+ Nxf8
34. Qa3 Qb7 35. Ra1 g5 36. Qxa7 Qxa7 37. Rxa7 Ng6 38. Nd2 Kg7 39. Nf3 Bc4 40.
Nd4 Bd3 41. f3 Nf4 42. Kf2 Bg6 43. g3 Nd3+ 44. Ke3 Ne5 45. Rc7 Kf6 46. h3 Bb1
47. Rc1 Ba2 48. Ra1 Bc4 49. Rb1 Bd3 50. Rb3 Bh7 51. Rc3 Bb1 52. Nc6 Ng6 53. Nd4
Ne5 54. Rb3 Bh7 55. Rb6+ Kg7 56. Rb5 Kf6 57. Nc6 Nc4+ 58. Kf2 Bf5 59. Nd4 Bg6
60. Rb4 Ne5 61. Rb6+ Kg7 62. Nc6 Nd3+ 63. Ke3 Bh7 64. Rb5 Kf6 65. Rd5 Ne1 66.
Rd6+ Kg7 67. Nb4 Nc2+ 68. Nxc2 Bxc2 69. Rb6 Bf5 70. g4 Bc2 71. Rc6 Ba4 72. Rd6
Bb5 73. Kf2 Bc4 74. Kg3 Be2 75. Rd2 Bb5 76. h4 Bc6 77. h5 Bb7 78. f4 gxf4+ 79.
Kxf4 Bc6 80. Ke5 Bf3 81. Rd4 Be2 82. Rf4 Bd1 83. Kd6 Bb3 84. Ke7 Bd5 85. g5 Bb3
86. Rf3 Bc4 87. Rg3 hxg5 88. Rxg5+ Kh6 89. Kf6 Be6 90. Re5 Bb3 91. Rb5 Be6 92.
Rg5 Bb3 93. Kf5 Be6+ 94. Kf4 Bc4 95. Kg4 Be6+ 96. Kh4 Bc4 97. Rc5 Be6 98. Rc6
Kh7 99. Kg5 Kg7 100. Rc2 Bd5 101. Rf2 Be4 102. h6+ Kg8 103. Rb2 Kh7 104. Rb8
Bd5 105. Rd8 1/2-1/2

[Event "Aut_chT1112"]
[Site "Jenbach"]
[Date "2012.03.04"]
[Round "7"]
[Board "3"]
[White "Atlas, Valery"]
[Black "Poetsch, Hagen"]
[Result "1/2-1/2"]
[WhiteElo "2413"]
[BlackElo "2432"]
[PlyCount "123"]
[EventDate "2012.01.20"]
[EventType "team"]
[EventRounds "11"]
[EventCountry "AUT"]
[WhiteTeam "SK Hohenems"]
[BlackTeam "ASVOE Poechlarn/Mauerbach"]

1. e4 e6 2. d4 d5 3. Nc3 Nf6 4. e5 Nfd7 5. f4 c5 6. Nce2 Nc6 7. c3 Qb6 8. Nf3
f6 9. a3 Be7 10. h4 O-O 11. b4 cxd4 12. cxd4 a5 13. b5 Qxb5 14. Nc3 Qb6 15. Rb1
Qd8 16. Nb5 b6 17. Bd3 h6 18. g4 fxe5 19. fxe5 Ba6 20. g5 Rxf3 21. Qxf3 Bxb5
22. Bxb5 Nxd4 23. Qg2 h5 24. Bxd7 Qxd7 25. Be3 Nf5 26. Bxb6 Rb8 27. Qc2 Rc8 28.
Qb3 a4 29. Qd3 Rc4 30. Bf2 Qc7 31. Kf1 Qxe5 32. Rh3 Re4 33. Qb5 Nd6 34. Qb8+
Kh7 35. Rg3 Kg6 36. Rb6 Qa1+ 37. Rb1 Qe5 38. Rb6 Rf4 39. Rxd6 Rf7 40. Rb6 Qxb8
41. Rxb8 Bd6 42. Re3 Bxb8 43. Rxe6+ Kf5 44. Ra6 Ke4 45. Rxa4+ Kd3 46. Kg2 Be5
47. Ra6 Ke2 48. Bc5 Rf4 49. Re6 Rg4+ 50. Kh3 Rg3+ 51. Kh2 Re3+ 52. Kg2 Bd4 53.
Rxe3+ Bxe3 54. Bxe3 Kxe3 55. Kf1 Kd2 56. a4 d4 57. a5 d3 58. a6 Kc3 59. a7 d2
60. a8=Q d1=Q+ 61. Kf2 Qd8 62. Ke1 1/2-1/2

[Event "Aut_chT1112"]
[Site "Jenbach"]
[Date "2012.03.04"]
[Round "7"]
[Board "4"]
[White "Kostic, Vladimir"]
[Black "Froewis, Georg"]
[Result "1/2-1/2"]
[WhiteElo "2424"]
[BlackElo "2407"]
[PlyCount "35"]
[EventDate "2012.01.20"]
[EventType "team"]
[EventRounds "11"]
[EventCountry "AUT"]
[WhiteTeam "ASVOE Poechlarn/Mauerbach"]
[BlackTeam "SK Hohenems"]

1. c4 e6 2. Nc3 d5 3. cxd5 exd5 4. d4 c6 5. Bf4 Bd6 6. Bxd6 Qxd6 7. e3 Nf6 8.
Bd3 O-O 9. Nge2 Bg4 10. h3 Bxe2 11. Qxe2 Nbd7 12. O-O Rfe8 13. Qf3 Re6 14. a3
Rae8 15. Rfd1 Ne4 16. Bxe4 dxe4 17. Qg3 Qxg3 18. fxg3 1/2-1/2

[Event "Aut_chT1112"]
[Site "Jenbach"]
[Date "2012.03.04"]
[Round "7"]
[Board "5"]
[White "Novkovic, Milan"]
[Black "Weinzettl, Ernst"]
[Result "1-0"]
[WhiteElo "2381"]
[BlackElo "2301"]
[PlyCount "77"]
[EventDate "2012.01.20"]
[EventType "team"]
[EventRounds "11"]
[EventCountry "AUT"]
[WhiteTeam "SK Hohenems"]
[BlackTeam "ASVOE Poechlarn/Mauerbach"]

1. d4 d5 2. c4 c6 3. Nf3 Nf6 4. e3 g6 5. Nc3 Bg7 6. h3 O-O 7. Bd3 c5 8. dxc5
dxc4 9. Bxc4 Qc7 10. Qe2 Qxc5 11. e4 Nc6 12. Be3 Qh5 13. a3 Bg4 14. O-O Bxf3
15. Qxf3 Qxf3 16. gxf3 Rfd8 17. Rfd1 Ne8 18. Bb5 Nd6 19. Bxc6 bxc6 20. Na4 Nc4
21. Rxd8+ Rxd8 22. Bxa7 Nxb2 23. Nxb2 Bxb2 24. Ra2 Rd1+ 25. Kg2 Bd4 26. Bxd4
Rxd4 27. a4 f5 28. a5 Rd7 29. a6 Ra7 30. Kf1 Kf7 31. Ke2 Ke6 32. Kd3 Kd6 33.
Kc4 e6 34. Ra5 g5 35. e5+ Kc7 36. Kc5 h5 37. f4 g4 38. h4 Kb8 39. Kd6 1-0

[Event "Aut_chT1112"]
[Site "Jenbach"]
[Date "2012.03.04"]
[Round "7"]
[Board "6"]
[White "Penz, Harald"]
[Black "Baldauf, Marco"]
[Result "0-1"]
[WhiteElo "2349"]
[BlackElo "2374"]
[PlyCount "84"]
[EventDate "2012.01.20"]
[EventType "team"]
[EventRounds "11"]
[EventCountry "AUT"]
[WhiteTeam "ASVOE Poechlarn/Mauerbach"]
[BlackTeam "SK Hohenems"]

1. e4 e5 2. Nf3 Nc6 3. Bc4 Bc5 4. c3 Nf6 5. d4 exd4 6. cxd4 Bb4+ 7. Nbd2 Nxe4
8. d5 Ne7 9. O-O Nxd2 10. Bxd2 Bxd2 11. d6 cxd6 12. Qxd2 O-O 13. Rfd1 d5 14.
Bxd5 d6 15. Rac1 Qb6 16. b3 Bf5 17. Bc4 Rad8 18. Qg5 Rfe8 19. Nd4 h6 20. Qg3 d5
21. Bb5 Bd7 22. Bxd7 Rxd7 23. Rd2 Qf6 24. Rcd1 Nc6 25. h3 Re4 26. Nb5 Qe5 27.
Qxe5 Rxe5 28. f3 g5 29. Kf2 Kg7 30. Nd4 Nxd4 31. Rxd4 Rc7 32. R1d2 Kg6 33. h4
Rc3 34. hxg5 hxg5 35. Rxd5 Rxd5 36. Rxd5 Rc2+ 37. Ke3 Rxa2 38. g4 Ra3 39. Rd3
a5 40. Ke4 b5 41. f4 gxf4 42. Kxf4 Kg7 0-1

[Event "Aut_chT1112"]
[Site "Jenbach"]
[Date "2012.03.04"]
[Round "7"]
[Board "1"]
[White "Antoniewski, Rafal"]
[Black "Ragger, Markus"]
[Result "1/2-1/2"]
[WhiteElo "2559"]
[BlackElo "2654"]
[PlyCount "64"]
[EventDate "2012.01.20"]
[EventType "team"]
[EventRounds "11"]
[EventCountry "AUT"]
[WhiteTeam "ASVOE Wulkaprodersdorf"]
[BlackTeam "SK MPOE Maria Saal"]

1. e4 e5 2. Nf3 Nc6 3. Bb5 a6 4. Ba4 Nf6 5. O-O b5 6. Bb3 Bc5 7. a4 Rb8 8. c3
d6 9. axb5 axb5 10. d3 O-O 11. h3 Bb7 12. Re1 d5 13. Bg5 dxe4 14. dxe4 h6 15.
Qxd8 Rfxd8 16. Bxf6 gxf6 17. Bd5 Ne7 18. Bxb7 Rxb7 19. Nbd2 c6 20. Nb3 Bb6 21.
Red1 Rbb8 22. Kf1 Kf8 23. Rxd8+ Rxd8 24. Ra6 Rb8 25. Ke2 Ng6 26. g3 Ke8 27. Ne1
Nf8 28. Nc2 Ne6 29. Nb4 Kd7 30. Ra1 Rg8 31. h4 Kc7 32. Nc2 h5 1/2-1/2

[Event "Aut_chT1112"]
[Site "Jenbach"]
[Date "2012.03.04"]
[Round "7"]
[Board "2"]
[White "Pavasovic, Dusko"]
[Black "Polzin, Rainer"]
[Result "1/2-1/2"]
[WhiteElo "2557"]
[BlackElo "2460"]
[PlyCount "61"]
[EventDate "2012.01.20"]
[EventType "team"]
[EventRounds "11"]
[EventCountry "AUT"]
[WhiteTeam "SK MPOE Maria Saal"]
[BlackTeam "ASVOE Wulkaprodersdorf"]

1. e4 c5 2. c3 e6 3. Nf3 d5 4. exd5 exd5 5. d4 Nc6 6. Bb5 Bd6 7. O-O Nf6 8. Bg5
Be6 9. dxc5 Bxc5 10. Nbd2 O-O 11. Nb3 Bb6 12. Nfd4 Nxd4 13. Nxd4 h6 14. Bh4 g5
15. Bg3 Ne4 16. Be5 Bd7 17. Bxd7 Qxd7 18. Nf3 Rfe8 19. Bd4 Bc7 20. Nd2 Qd6 21.
g3 Qg6 22. Qc2 Re6 23. Rad1 b6 24. Qa4 Qf5 25. Qd7 Bf4 26. Nxe4 dxe4 27. Be3
Be5 28. Bd4 Bf4 29. Be3 Be5 30. Bd4 Bf4 31. Be3 1/2-1/2

[Event "Aut_chT1112"]
[Site "Jenbach"]
[Date "2012.03.04"]
[Round "7"]
[Board "3"]
[White "Schneider, Ilja"]
[Black "Tratar, Marko"]
[Result "1-0"]
[WhiteElo "2480"]
[BlackElo "2499"]
[PlyCount "127"]
[EventDate "2012.01.20"]
[EventType "team"]
[EventRounds "11"]
[EventCountry "AUT"]
[WhiteTeam "ASVOE Wulkaprodersdorf"]
[BlackTeam "SK MPOE Maria Saal"]

1. Nf3 Nf6 2. c4 g6 3. d4 Bg7 4. g3 O-O 5. Bg2 d6 6. O-O c6 7. Nc3 Bf5 8. Ne1
Be6 9. b3 d5 10. cxd5 cxd5 11. Nd3 Nc6 12. Nf4 Bd7 13. Nfxd5 Nxd5 14. Nxd5 Nxd4
15. Bg5 Re8 16. Rc1 Bc6 17. e4 h6 18. Be3 e5 19. Re1 Bxd5 20. exd5 Qd6 21. Qd2
h5 22. Qa5 Nf5 23. Qc7 Re7 24. Qxd6 Nxd6 25. Bc5 Rd7 26. Bxd6 Rxd6 27. Rc7 b6
28. Rec1 a5 29. Rb7 f5 30. Rc6 Bf8 31. Rxd6 Bxd6 32. Rxb6 Rd8 33. Bf1 Kf7 34.
Bc4 e4 35. Ra6 Bb4 36. d6+ Kf8 37. d7 Rxd7 38. Rxg6 Rd1+ 39. Kg2 Rd2 40. Rg5 e3
41. Rxf5+ Kg7 42. Kf1 Kg6 43. Rf3 Rxf2+ 44. Rxf2 exf2 45. Kxf2 Kg5 46. Kf3 Bd6
47. h3 h4 48. g4 Bf8 49. Ke4 Be7 50. Be6 Bb4 51. Kd4 Kf4 52. Kc4 Bd2 53. Kb5
Ke5 54. Bc8 Kf4 55. Ka4 Bc3 56. a3 Bd2 57. Bd7 Bc3 58. Kb5 Bd2 59. Bc8 Bc3 60.
Kc4 Bd2 61. b4 axb4 62. axb4 Be3 63. Kd5 Kg3 64. b5 1-0

[Event "Aut_chT1112"]
[Site "Jenbach"]
[Date "2012.03.04"]
[Round "7"]
[Board "4"]
[White "Kreisl, Robert"]
[Black "Thiede, Lars"]
[Result "1/2-1/2"]
[WhiteElo "2400"]
[BlackElo "2458"]
[PlyCount "66"]
[EventDate "2012.01.20"]
[EventType "team"]
[EventRounds "11"]
[EventCountry "AUT"]
[WhiteTeam "SK MPOE Maria Saal"]
[BlackTeam "ASVOE Wulkaprodersdorf"]

1. Nf3 g6 2. c4 Bg7 3. d4 c5 4. e4 cxd4 5. Nxd4 Nc6 6. Be3 Nf6 7. Nc3 Ng4 8.
Qxg4 Bxd4 9. Bxd4 Nxd4 10. O-O-O d6 11. Qg3 e5 12. f4 f6 13. f5 Kf7 14. Nb5
Nxb5 15. cxb5 Qc7+ 16. Kb1 gxf5 17. Rc1 Qe7 18. Bc4+ Kf8 19. exf5 Bxf5+ 20. Ka1
Be4 21. Rhf1 d5 22. Qh4 Kg7 23. Qg4+ Bg6 24. Bxd5 Rhd8 25. Bb3 Rd4 26. Qg3 Rad8
27. h4 Rd3 28. Qf2 R8d4 29. Rc7 Qxc7 30. Qxf6+ Kh6 31. Qg5+ Kg7 32. Qf6+ Kh6
33. Qg5+ Kg7 1/2-1/2

[Event "Aut_chT1112"]
[Site "Jenbach"]
[Date "2012.04.19"]
[Round "8"]
[Board "2"]
[White "Buhmann, Rainer"]
[Black "Hera, Imre"]
[Result "1/2-1/2"]
[WhiteElo "2614"]
[BlackElo "2555"]
[PlyCount "105"]
[EventDate "2012.01.20"]
[EventType "team"]
[EventRounds "11"]
[EventCountry "AUT"]
[WhiteTeam "SK MPOE Maria Saal"]
[BlackTeam "SK Sparkasse Fuerstenfeld"]

1. Nf3 c5 2. c4 Nc6 3. Nc3 Nf6 4. g3 d5 5. d4 cxd4 6. Nxd4 dxc4 7. Nxc6 Qxd1+
8. Nxd1 bxc6 9. Bg2 Nd5 10. Ne3 e6 11. Nxc4 Ba6 12. b3 Bb4+ 13. Bd2 Ke7 14. Rc1
Rhc8 15. Bxb4+ Nxb4 16. Na5 Nxa2 17. Ra1 Nb4 18. Nxc6+ Nxc6 19. Rxa6 Nb4 20.
Ra4 Nd5 21. Bxd5 exd5 22. Kd2 a6 23. Ra5 Kd6 24. b4 Rcb8 25. Rb1 Rb5 26. Ra4
Kd7 27. Rb3 Rab8 28. Rxa6 Rxb4 29. Ra7+ Ke6 30. Re3+ Re4 31. Rxe4+ dxe4 32. Ke3
Rb4 33. h4 h5 34. Ra5 g6 35. Kf4 Kf6 36. Ra3 Kg7 37. Re3 f5 38. Kg5 Rb2 39. f3
exf3 40. exf3 f4 41. Kxf4 Kf6 42. Re4 Rb5 43. g4 hxg4 44. fxg4 Rb1 45. Rd4 Rf1+
46. Ke4 Re1+ 47. Kd5 Ra1 48. g5+ Kf5 49. Kd6 Re1 50. Kd7 Re2 51. Rd6 Kg4 52.
Rxg6 Kxh4 53. Re6 1/2-1/2

[Event "Aut_chT1112"]
[Site "Jenbach"]
[Date "2012.04.19"]
[Round "8"]
[Board "5"]
[White "Kuba, Guenter"]
[Black "Kreisl, Robert"]
[Result "1/2-1/2"]
[WhiteElo "2384"]
[BlackElo "2400"]
[PlyCount "69"]
[EventDate "2012.01.20"]
[EventType "team"]
[EventRounds "11"]
[EventCountry "AUT"]
[WhiteTeam "SK Sparkasse Fuerstenfeld"]
[BlackTeam "SK MPOE Maria Saal"]

1. e4 c6 2. d4 d5 3. Nd2 dxe4 4. Nxe4 Bf5 5. Ng3 Bg6 6. h4 h6 7. Nf3 Nd7 8. h5
Bh7 9. Bd3 Bxd3 10. Qxd3 e6 11. Bf4 Qa5+ 12. Bd2 Bb4 13. Ne4 Bxd2+ 14. Nfxd2
Ngf6 15. Nd6+ Ke7 16. Nxb7 Qb4 17. Qa3 Qxa3 18. bxa3 Rab8 19. Rb1 c5 20. dxc5
Rhc8 21. Ke2 Rc7 22. c6 Rxc6 23. c4 Rc7 24. Na5 Rxb1 25. Rxb1 Nxh5 26. g3 Nhf6
27. Ndb3 Ne4 28. Ke3 Nd6 29. Rc1 Nf5+ 30. Kd3 Ne5+ 31. Ke4 Ng4 32. Kf3 Ne5+ 33.
Ke4 Ng4 34. Kf3 Ne5+ 35. Ke4 1/2-1/2

[Event "Aut_chT1112"]
[Site "Jenbach"]
[Date "2012.04.19"]
[Round "8"]
[Board "6"]
[White "Schachinger, Mario"]
[Black "Hatzl, Stefan"]
[Result "1-0"]
[WhiteElo "2391"]
[BlackElo "2162"]
[PlyCount "61"]
[EventDate "2012.01.20"]
[EventType "team"]
[EventRounds "11"]
[EventCountry "AUT"]
[WhiteTeam "SK MPOE Maria Saal"]
[BlackTeam "SK Sparkasse Fuerstenfeld"]

1. c4 Nf6 2. g3 g6 3. Bg2 Bg7 4. Nc3 O-O 5. e4 d6 6. Nge2 c5 7. O-O Nc6 8. d3
Bd7 9. h3 Ne8 10. Be3 Nc7 11. Qd2 Rb8 12. d4 cxd4 13. Nxd4 Nxd4 14. Bxd4 Bxd4
15. Qxd4 Ne6 16. Qxa7 Nc5 17. Nd5 e6 18. Nb6 Bc6 19. b4 Na4 20. Nxa4 Ra8 21.
Qd4 Rxa4 22. a3 f5 23. e5 Bxg2 24. Kxg2 dxe5 25. Qxe5 Qb6 26. Rfd1 Qc6+ 27. Kg1
Qxc4 28. Rd7 Rf7 29. Rd8+ Rf8 30. Qf6 Rxd8 31. Qxd8+ 1-0

[Event "Aut_chT1112"]
[Site "Jenbach"]
[Date "2012.04.19"]
[Round "8"]
[Board "2"]
[White "Kraemer, Martin"]
[Black "Farago, Ivan"]
[Result "1/2-1/2"]
[WhiteElo "2492"]
[BlackElo "2500"]
[PlyCount "97"]
[EventDate "2012.01.20"]
[EventType "team"]
[EventRounds "11"]
[EventCountry "AUT"]
[WhiteTeam "ASVOE Wulkaprodersdorf"]
[BlackTeam "ASVOE Poechlarn/Mauerbach"]

1. d4 Nf6 2. c4 e6 3. g3 d5 4. Bg2 dxc4 5. Nf3 Nc6 6. Qa4 Bb4+ 7. Bd2 Nd5 8.
Bxb4 Ndxb4 9. O-O Rb8 10. Nc3 a6 11. Ne5 O-O 12. Nxc6 Nxc6 13. Bxc6 bxc6 14.
Qxc4 Qd6 15. Ne4 Qd5 16. Qc2 Qxd4 17. b3 Rb5 18. Rfd1 Qe5 19. Nc3 Rc5 20. Rac1
a5 21. Qd2 Ba6 22. h3 Qh5 23. Qd4 Rg5 24. h4 Rg4 25. Qa7 Bc8 26. Qxc7 Qxh4 27.
Qxc6 h5 28. Kg2 Qe7 29. Qd6 Bb7+ 30. f3 Qxd6 31. Rxd6 h4 32. Kh3 Rxg3+ 33. Kxh4
Rg2 34. Rd7 Bc6 35. Rdd1 g6 36. Rg1 Rh2+ 37. Kg3 Rh5 38. Kf2 Rb8 39. Rg4 Rc5
40. Rgg1 Be8 41. Ne4 Rxc1 42. Rxc1 a4 43. b4 a3 44. Nf6+ Kf8 45. Nxe8 Kxe8 46.
Rc4 g5 47. Ke3 f5 48. Kd4 Kd7 49. Ke3 1/2-1/2

[Event "Aut_chT1112"]
[Site "Jenbach"]
[Date "2012.04.19"]
[Round "8"]
[Board "3"]
[White "Tuncer, Ufuk"]
[Black "Polzin, Rainer"]
[Result "0-1"]
[WhiteElo "2287"]
[BlackElo "2460"]
[PlyCount "132"]
[EventDate "2012.01.20"]
[EventType "team"]
[EventRounds "11"]
[EventCountry "AUT"]
[WhiteTeam "ASVOE Poechlarn/Mauerbach"]
[BlackTeam "ASVOE Wulkaprodersdorf"]

1. Nf3 Nf6 2. g3 c5 3. Bg2 Nc6 4. O-O g6 5. b3 Bg7 6. Bb2 d6 7. c4 Bd7 8. Re1
O-O 9. Nc3 Rc8 10. e3 e5 11. h3 Re8 12. d3 a6 13. Qd2 Qa5 14. a3 b5 15. b4 cxb4
16. axb4 Qb6 17. Nd5 Nxd5 18. cxd5 Ne7 19. e4 f5 20. Rec1 Rf8 21. Rxc8 Bxc8 22.
Bc1 f4 23. g4 h6 24. d4 exd4 25. Bb2 g5 26. Rc1 Bd7 27. Nxd4 Ng6 28. Nc6 Bxb2
29. Qxb2 Bxc6 30. Rxc6 Qb8 31. Rxa6 Ne5 32. Bf1 Rc8 33. Ra5 Qc7 34. Ra1 Qc2 35.
Qxc2 Rxc2 36. Rb1 Nf3+ 37. Kg2 Nh4+ 38. Kg1 Nf3+ 39. Kg2 Nh4+ 40. Kg1 Nf3+ 41.
Kg2 Nd2 42. Re1 Rb2 43. Bxb5 Rxb4 44. Bd7 Rxe4 45. Rc1 Kf7 46. Bf5 Ra4 47. Rc7+
Kf6 48. Rh7 f3+ 49. Kh2 Nf1+ 50. Kg1 Ra1 51. Bd3 Nd2+ 52. Kh2 Ke5 53. Rxh6 Kd4
54. Bb5 Ne4 55. h4 Ra2 56. hxg5 Rxf2+ 57. Kh3 Rb2 58. Ba6 Rb6 59. Bf1 Rb1 60.
Bg2 Nxg5+ 61. Kg3 Rg1 62. Rh1 Rxg2+ 63. Kf4 f2 64. Rd1+ Kc3 65. Rf1 Rg1 66.
Rxf2 Nh3+ 0-1

[Event "Aut_chT1112"]
[Site "Jenbach"]
[Date "2012.04.19"]
[Round "8"]
[Board "4"]
[White "Schneider, Ilja"]
[Black "Graf, Felix"]
[Result "1/2-1/2"]
[WhiteElo "2480"]
[BlackElo "2378"]
[PlyCount "86"]
[EventDate "2012.01.20"]
[EventType "team"]
[EventRounds "11"]
[EventCountry "AUT"]
[WhiteTeam "ASVOE Wulkaprodersdorf"]
[BlackTeam "ASVOE Poechlarn/Mauerbach"]

1. Nf3 Nf6 2. c4 c6 3. d4 d5 4. Nc3 dxc4 5. e3 b5 6. a4 b4 7. Nb1 Ba6 8. Be2 e6
9. O-O Be7 10. Nbd2 c3 11. bxc3 bxc3 12. Nb1 O-O 13. Nxc3 c5 14. Ba3 Bxe2 15.
Qxe2 Nbd7 16. Rfc1 cxd4 17. Bxe7 Qxe7 18. Nxd4 Rfc8 19. Ncb5 Nc5 20. Qc2 h6 21.
Rab1 a6 22. Na3 Rc7 23. Rb4 Nxa4 24. Qxc7 Qxb4 25. Nc4 Nd5 26. Qc6 Rb8 27. h3
Nc5 28. Ne5 Nb3 29. Qd7 Nxc1 30. Qxf7+ Kh7 31. Qg6+ Kg8 32. Qxe6+ Kh8 33. Qxd5
Qe1+ 34. Kh2 Qxf2 35. Nf7+ Kh7 36. Qe4+ Kg8 37. Nxh6+ gxh6 38. Qg6+ Kh8 39.
Qxh6+ Kg8 40. Qe6+ Qf7 41. Qg4+ Qg7 42. Qe6+ Qf7 43. Qg4+ Qg7 1/2-1/2

[Event "Aut_chT1112"]
[Site "Jenbach"]
[Date "2012.04.19"]
[Round "8"]
[Board "5"]
[White "Kostic, Vladimir"]
[Black "Thiede, Lars"]
[Result "1/2-1/2"]
[WhiteElo "2424"]
[BlackElo "2458"]
[PlyCount "153"]
[EventDate "2012.01.20"]
[EventType "team"]
[EventRounds "11"]
[EventCountry "AUT"]
[WhiteTeam "ASVOE Poechlarn/Mauerbach"]
[BlackTeam "ASVOE Wulkaprodersdorf"]

1. e4 e5 2. Nf3 Nc6 3. Bb5 a6 4. Ba4 Nf6 5. d3 b5 6. Bb3 Be7 7. Nc3 d6 8. Nd5
Na5 9. Nxe7 Qxe7 10. Bg5 Nxb3 11. axb3 h6 12. Bxf6 Qxf6 13. c4 Rb8 14. Qc2 O-O
15. O-O c5 16. Rfe1 Qf4 17. Nd2 f5 18. Re3 Qh4 19. exf5 Rxf5 20. Ne4 Qe7 21.
Qe2 Bb7 22. Ng3 Rf7 23. cxb5 axb5 24. b4 Rbf8 25. f3 cxb4 26. d4 Qd8 27. dxe5
dxe5 28. Qxb5 e4 29. Nxe4 Qd4 30. Qd3 Qxb2 31. Rb1 Bxe4 32. Qxe4 Qa2 33. Qxb4
Rd7 34. Qb3+ Qxb3 35. Rexb3 Rd2 36. h3 Rc8 37. Rb8 Rxb8 38. Rxb8+ Kf7 39. Kh2
g5 40. Rb7+ Kg6 41. Rb6+ Kg7 42. h4 Rd4 43. hxg5 hxg5 44. Kg3 Rc4 45. Re6 Kf7
46. Re4 Rc2 47. Kh3 Kg6 48. Ra4 Kf5 49. Ra5+ Kf6 50. Ra6+ Kf7 51. Ra5 Kg6 52.
g3 Rc6 53. Ra8 Rb6 54. Rg8+ Kh6 55. Kg4 Rb4+ 56. f4 gxf4 57. gxf4 Kh7 58. Rg5
Kh6 59. Rd5 Kg6 60. Rd6+ Kf7 61. Kg5 Rb1 62. Rf6+ Kg7 63. Rg6+ Kf7 64. Rh6 Kg7
65. Rc6 Kf7 66. Rc7+ Kf8 67. Rh7 Kg8 68. Re7 Kf8 69. Kf6 Rb6+ 70. Re6 Rb7 71.
Ra6 Rf7+ 72. Kg5 Rg7+ 73. Kf5 Rf7+ 74. Ke5 Re7+ 75. Kf5 Rf7+ 76. Ke5 Re7+ 77.
Kf5 1/2-1/2

[Event "Aut_chT1112"]
[Site "Jenbach"]
[Date "2012.04.19"]
[Round "8"]
[Board "6"]
[White "Abel, Dennes"]
[Black "Weinzettl, Ernst"]
[Result "1-0"]
[WhiteElo "2427"]
[BlackElo "2301"]
[PlyCount "53"]
[EventDate "2012.01.20"]
[EventType "team"]
[EventRounds "11"]
[EventCountry "AUT"]
[WhiteTeam "ASVOE Wulkaprodersdorf"]
[BlackTeam "ASVOE Poechlarn/Mauerbach"]

1. b3 e5 2. Bb2 Nc6 3. e3 Nf6 4. Bb5 Bd6 5. Ne2 O-O 6. Ng3 Re8 7. O-O a6 8.
Bxc6 dxc6 9. e4 Bg4 10. Qc1 h5 11. f3 Bc5+ 12. Kh1 h4 13. Ne2 Bh5 14. d3 Nh7
15. Qd2 Qe7 16. Nbc3 Rad8 17. f4 Nf6 18. f5 Ng4 19. Nd1 h3 20. gxh3 Nf6 21. Ng3
Bxd1 22. Raxd1 Rd6 23. Qg2 Kh7 24. Bc1 Nd7 25. Nh5 Rg8 26. Qg4 g6 27. f6 1-0